000 01283nam a22003014a 4500
005 20071114120703.0
008 070217s2007 ii | b 00| 0 eng
010 _aENG-93348
020 _a8188683736
_c450.00
020 _a9788188683734
_c450.00
035 _aEN-76881
037 _bDBAD / PUB
040 _adpl
_bEnglish
082 _a331.4
100 _aSarkar, Siddhartha
245 _aDisadvantaged women in informal sector:
_cby Siddhartha Sarkar [and] Anil Bhuimali
_b(a study of domestic help and Bidi workers) /
260 _aDelhi
_bAbhijeet Publications
_c2005
270 _a2/46 Tukhmeerpur Extension
_bDelhi
_e110094
300 _avi, 175p.
_c22cm (Hb)
500 _aIncludes bibliographical references
650 _aWomen domestic
_zIndia
_zKoch Bihar
_xSocial conditions
650 _aWomen domestic
_zIndia
_zKoch Bihar
_xEconomic conditions
650 _aWomen tobacco workers
_zIndia
_zKoch Bihar
_xSocial conditions
650 _aWomen tobacco workers
_zIndia
_zKoch Bihar
_xEconomic conditions
700 _aBhuimali, Anil
942 _2ddc
_cEN
_mSAR
_h331.4
999 _c26000
_d26000